[Event "Hoogeveen Open - Finals"]
[Site "Hoogeveen, Netherlands"]
[Date "2018.10.27"]
[Round "6.1"]
[White "Van Den Doel, Erik"]
[Black "Safarli, Eltaj"]
[Result "1/2-1/2"]
[WhiteElo "2607"]
[BlackElo "2676"]

1. d4 {[%clk 00:03:02]} Nf6 {[%clk 00:03:03]} 2. Nf3 {[%clk 00:03:03]} g6
{[%clk 00:03:04]} 3. Bg5 {[%clk 00:03:04]} Bg7 {[%clk 00:03:06]} 4. Nbd2 {[%clk
00:03:06]} {[%emt 00:00:02]} O-O {[%clk 00:03:06]} 5. c3 {[%clk 00:03:07]} d6
{[%clk 00:03:07]} 6. e3 {[%clk 00:03:08]} h6 {[%clk 00:03:04]} {[%emt
00:00:06]} 7. Bh4 {[%clk 00:03:09]} {[%emt 00:00:01]} c5 {[%clk 00:03:05]} 8.
dxc5 dxc5 {[%clk 00:03:06]} 9. Bc4 {[%clk 00:03:06]} {[%emt 00:00:04]} Nc6
{[%clk 00:03:05]} {[%emt 00:00:03]} 10. Qc2 {[%clk 00:03:07]} {[%emt 00:00:02]}
Na5 {[%clk 00:02:51]} {[%emt 00:00:16]} 11. Be2 {[%clk 00:03:08]} {[%emt
00:00:01]} Bf5 {[%clk 00:02:46]} {[%emt 00:00:07]} 12. e4 {[%clk 00:03:09]}
{[%emt 00:00:01]} Be6 {[%clk 00:02:48]} 13. O-O {[%clk 00:03:09]} {[%emt
00:00:02]} Nh5 {[%clk 00:02:45]} {[%emt 00:00:04]} 14. Rfd1 {[%clk 00:03:07]}
{[%emt 00:00:05]} Qc7 {[%clk 00:02:45]} {[%emt 00:00:01]} 15. Nf1 {[%clk
00:02:57]} {[%emt 00:00:12]} Rad8 {[%clk 00:02:01]} {[%emt 00:00:46]} 16. Ne3
{[%clk 00:02:55]} {[%emt 00:00:04]} Rxd1+ {[%clk 00:02:02]} {[%emt 00:00:02]}
17. Bxd1 {[%clk 00:02:41]} {[%emt 00:00:16]} Rd8 {[%clk 00:01:58]} {[%emt
00:00:06]} 18. Be2 {[%clk 00:02:41]} {[%emt 00:00:02]} g5 {[%clk 00:01:40]}
{[%emt 00:00:20]} 19. Bg3 {[%clk 00:02:38]} {[%emt 00:00:05]} Nxg3 {[%clk
00:01:35]} {[%emt 00:00:07]} 20. hxg3 {[%clk 00:02:38]} {[%emt 00:00:01]} Qb6
{[%clk 00:01:27]} {[%emt 00:00:10]} 21. Nd2 {[%clk 00:02:08]} {[%emt 00:00:33]}
a6 {[%clk 00:01:11]} {[%emt 00:00:18]} 22. Nf5 {[%clk 00:01:50]} {[%emt
00:00:19]} Bxf5 {[%clk 00:01:03]} {[%emt 00:00:11]} 23. exf5 {[%clk 00:01:51]}
{[%emt 00:00:01]} Qd6 {[%clk 00:01:03]} {[%emt 00:00:01]} 24. Nf1 {[%clk
00:01:38]} {[%emt 00:00:15]} Qe5 {[%clk 00:00:53]} {[%emt 00:00:12]} 25. Ne3
{[%clk 00:01:36]} {[%emt 00:00:04]} b5 {[%clk 00:00:48]} {[%emt 00:00:08]} 26.
Ng4 {[%clk 00:01:23]} {[%emt 00:00:15]} Qd6 {[%clk 00:00:35]} {[%emt 00:00:15]}
27. Qe4 {[%clk 00:01:20]} {[%emt 00:00:06]} c4 {[%clk 00:00:24]} {[%emt
00:00:13]} 28. a4 {[%clk 00:01:01]} {[%emt 00:00:20]} Nb3 {[%clk 00:00:23]}
{[%emt 00:00:04]} 29. Rd1 {[%clk 00:00:55]} {[%emt 00:00:08]} Qc7 {[%clk
00:00:16]} {[%emt 00:00:09]} 30. axb5 {[%clk 00:00:52]} {[%emt 00:00:05]} axb5
{[%clk 00:00:16]} {[%emt 00:00:02]} 31. Rxd8+ {[%clk 00:00:39]} {[%emt
00:00:15]} Qxd8 {[%clk 00:00:18]} 32. Qc6 {[%clk 00:00:40]} b4 {[%clk
00:00:05]} {[%emt 00:00:15]} 33. Bxc4 {[%clk 00:00:34]} {[%emt 00:00:08]} Na5
{[%clk 00:00:05]} {[%emt 00:00:02]} 34. Bxf7+ {[%clk 00:00:08]} {[%emt
00:00:28]} Kxf7 {[%clk 00:00:05]} {[%emt 00:00:01]} 35. Nxh6+ {[%clk 00:00:08]}
{[%emt 00:00:01]} Bxh6 {[%clk 00:00:03]} {[%emt 00:00:04]} 36. Qg6+ {[%clk
00:00:09]} Kf8 {[%clk 00:00:05]} 37. Qxh6+ {[%clk 00:00:10]} {[%emt 00:00:01]}
Ke8 {[%clk 00:00:06]} 38. Qh8+ {[%clk 00:00:11]} {[%emt 00:00:02]} Kd7 {[%clk
00:00:07]} {[%emt 00:00:01]} 39. Qd4+ {[%clk 00:00:12]} Kc8 {[%clk 00:00:08]}
{[%emt 00:00:01]} 40. Qxb4 {[%clk 00:00:12]} {[%emt 00:00:02]} Qd1+ {[%clk
00:00:09]} 41. Kh2 {[%clk 00:00:12]} {[%emt 00:00:01]} Qh5+ {[%clk 00:00:10]}
42. Kg1 {[%clk 00:00:14]} Qd1+ {[%clk 00:00:11]} 43. Kh2 {[%clk 00:00:13]}
{[%emt 00:00:03]} 1/2-1/2